000 00597nam a2200205Ia 4500
001 13628
003 IVS
005 20250626030856.0
008 211022s9999 xx 000 0 und d
040 _cIVS
082 _a729 ANA
100 _aAnas Uddin
245 0 _aWhat are the methodologies to treat the interfaces between interior and exterior spaces?
260 _aKarachi
260 _bIndus Valley School of Art & Architecture
260 _c2018
300 _a31
856 _uhttps://drive.google.com/file/d/1rzhxWCt_CHpH8iEBtt_D1EUpXIv0qCsD/view?usp=sharing
942 _cDISS
_n0
_2ddc
999 _c13490
_d13490